Gaming Quiz

Random Gaming or Clickable Quiz
Score 0/42 Timer 03:00
1 Play Today
% Correct
Dark Souls
97.8%
Dark Souls
97.8%
Dark Souls
97.5%
Demon's Souls
97.4%
Dark Souls
97.3%
Dark Souls
97.2%
Demon's Souls
97.2%
Dark Souls
97.2%
Demon's Souls
97.2%
Dark Souls
97.2%
Dark Souls
97.1%
Demon's Souls
97%
Demon's Souls
96.9%
Dark Souls
96.9%
Demon's Souls
96.8%
Dark Souls
96.7%
Demon's Souls
96.6%
Dark Souls
96.4%
Demon's Souls
96.3%
Demon's Souls
96.2%
Demon's Souls
96.1%
% Correct
Dark Souls
96%
Demon's Souls
95.9%
Dark Souls
95.7%
Dark Souls
95.1%
Dark Souls
95.1%
Dark Souls
95.1%
Demon's Souls
95%
Dark Souls
94.6%
Dark Souls
94.5%
Dark Souls
94.3%
Dark Souls
94.3%
Demon's Souls
94.3%
Demon's Souls
94.1%
Demon's Souls
93.3%
Demon's Souls
93.2%
Demon's Souls
93.1%
Dark Souls
91.9%
Demon's Souls
90.2%
Dark Souls
86%
Demon's Souls
85.5%
Demon's Souls
81%
Remove Ads.
Support Sporcle.
Get the best of Sporcle when you Go Orange. This ad-free experience offers more features, more stats, and more fun while also helping to support Sporcle. Thank you for becoming a member.

You're not logged in!

Compare scores with friends on all Sporcle quizzes.
OR
Log In

Show Comments

Extras

Top Quizzes Today


Score Distribution

Your Account Isn't Verified!

In order to create a playlist on Sporcle, you need to verify the email address you used during registration. Go to your Sporcle Settings to finish the process.

Report this User

Report this user for behavior that violates our Community Guidelines.

Details: